00850nam a2200265 4500003000400000005001700004008004100021020001500062040001800077050002100095100002800116245010300144264005700247300001800304336002200322337002400344338002400368650003000392650003100422650003100453650003500484700003300519942001500552999001700567OSt20260530113859.0260509b1978 |||oa||| |||| 00| 0 eng d a0690017839 aICIbspacICI aNK2715bB73 19801 aBradford, Peter 93208010aChair: bThe Current State of the Art, with the Who, the Why, and the What of It /cPeter Bradford 1bPeter Bradtford Publishers Incc1978aEstados unidos a138 páginas atexto2rdacontent asin medio2rdamedia avolumen2rdacarrier aMobiliario moderno932081 aDiseño industrial915218 aDiseño de muebles932082 aHistoria del mobiliario932083 aPrete, Barbaraeedit.932084 2lcccBKn1 c11720d11720